Synodicon Hispanum

Guardado en:
Detalles Bibliográficos
Autor principal: García y García, Antonio (Autor)
Formato: Libro
Lenguaje:español
Publicado: Madrid, España. Biblioteca de Autores Cristianos, 1981-2020
Edición:1a. ed
Materias:
Etiquetas: Agregar Etiqueta
Sin Etiquetas, Sea el primero en etiquetar este registro!

MARC

LEADER 00000cam a2200000 a 4500
001 UCX8691
003 CL-VaPUC
005 20250103100349.0
008 940419e19810000SP |||||||||||||||||spa|d
999 |c 228121  |d 228119 
020 |a 9788422010197o.c 
020 |a 9788479149024 VIII 
020 |a 9788422015130 t.X 
020 |a 9788422016137 t.XI 
020 |a 978-84-220-2157-5 t.XIV 
040 |c Pontificia Universidad Católica de Valparaíso 
082 0 4 |a 262.4 GAR 1981-2020  |2 21 
100 |a García y García, Antonio  |e author  |9 620175 
245 1 0 |a Synodicon Hispanum 
250 |a 1a. ed 
260 |a Madrid, España.  |b Biblioteca de Autores Cristianos,  |c 1981-2020 
300 |a 14 tomos 
500 |a Tomo XIV Donación Profesor Carlos Salinas Araneda memo DER 006 08-11-2021 
505 |a t.I: Galicia t.II: Portugal t.III: Astorga, León y Oviedo t.IV: Ciudad Rodrigo, Salamanca y Zamora t.V: Extremadura: Badajoz, Coria-Cáceres y Plasencia t.VI: Avila y Segovia t.VII: Burgos y Palencia t.VIII: Calahorra-La Calzada y Pamplona t.IX: Alaclá La Real, Abadía, Guadix y Jaén t.X: Cuenca y Toledo t.XI: Cádiz, Canarias, Cartagena, Córdoba, Granada, Málaga y Sevilla t.XIV: Huesca, Tarazona y Zaragoza 
583 |a last modification  |c 20130711 01:54:01  |k Rodrigo Vera 
650 0 |a Concilios y sínodos  |2 CL-VaPUC  |9 254980 
650 0 |a Iglesia Católica  |9 256114 
650 0 |a Documentos pontificios   |9 255642 
650 0 |a Sínodos Españoles  |2 CL-VaPUC  |9 325876 
650 0 |a Sínodos medievales  |2 CL-VaPUC  |9 325877 
942 |c BK  |2 ddc 
945 |d 19940419 00:00:00  |a aalvarez 
952 |0 0  |1 0  |2 ddc  |4 0  |6 262_400000000000000_GAR_1981  |7 0  |8 DER_HDC  |9 227752  |a BIBDER  |b BIBDER  |d 2019-11-15  |h t.I  |i 2945541  |o 262.4 GAR 1981  |p 2945541  |r 2023-01-25  |w 2019-11-15  |x Ubicación 4to Piso  |y BK  |z Estos recursos deben solicitarse con anticipación  |k DER 
952 |0 0  |1 0  |2 ddc  |4 0  |6 262_400000000000000_GAR_1982  |7 0  |8 DER_HDC  |9 227753  |a BIBDER  |b BIBDER  |d 2019-11-15  |h t.II  |i 294555K  |o 262.4 GAR 1982  |p 294555K  |r 2023-01-25  |w 2019-11-15  |x Ubicación 4to Piso  |y BK  |z Estos recursos deben solicitarse con anticipación  |k DER 
952 |0 0  |1 0  |2 ddc  |4 0  |6 262_400000000000000_GAR_1984  |7 0  |8 DER_HDC  |9 227754  |a BIBDER  |b BIBDER  |d 2019-11-15  |h t.III  |i 2945568  |o 262.4 GAR 1984  |p 2945568  |r 2023-01-25  |w 2019-11-15  |x Ubicación 4to Piso  |y BK  |z Estos recursos deben solicitarse con anticipación  |k DER 
952 |0 0  |1 0  |2 ddc  |4 0  |6 262_400000000000000_GAR_1987  |7 0  |8 DER_HDC  |9 227755  |a BIBDER  |b BIBDER  |d 2019-11-15  |h t.IV  |i 2945576  |o 262.4 GAR 1987  |p 2945576  |r 2023-01-25  |w 2019-11-15  |x Ubicación 4to Piso  |y BK  |z Estos recursos deben solicitarse con anticipación  |k DER 
952 |0 0  |1 0  |2 ddc  |4 0  |6 262_400000000000000_GAR_1990  |7 0  |8 DER_HDC  |9 227756  |a BIBDER  |b BIBDER  |d 2019-11-15  |h t.V  |i 2969971  |o 262.4 GAR 1990  |p 2969971  |r 2023-01-25  |w 2019-11-15  |x Ubicación 4to Piso  |y BK  |z Estos recursos deben solicitarse con anticipación  |k DER 
952 |0 0  |1 0  |2 ddc  |4 0  |6 262_400000000000000_GAR_1993  |7 0  |8 DER_HDC  |9 227757  |a BIBDER  |b BIBDER  |d 2019-11-15  |h t.VI  |i 3429644  |o 262.4 GAR 1993  |p 3429644  |r 2023-01-25  |w 2019-11-15  |x Ubicación 4to Piso  |y BK  |z Estos recursos deben solicitarse con anticipación  |k DER 
952 |0 0  |1 0  |2 ddc  |4 0  |6 262_400000000000000_GAR_1997  |7 0  |8 DER_HDC  |9 227758  |a BIBDER  |b BIBDER  |d 2019-11-15  |h t.VII  |i 3429652  |o 262.4 GAR 1997  |p 3429652  |r 2023-01-25  |t 1  |w 2019-11-15  |x Ubicación 4to Piso  |y BK  |z Estos recursos deben solicitarse con anticipación  |k DER 
952 |0 0  |1 0  |2 ddc  |4 0  |6 262_400000000000000_GAR_1997  |7 0  |8 DER_HDC  |9 227759  |a BIBDER  |b BIBDER  |d 2019-11-15  |h t.VII  |i 3732118  |o 262.4 GAR 1997  |p 3732118  |r 2023-01-25  |t 2  |w 2019-11-15  |x Ubicación 4to Piso  |y BK  |z Estos recursos deben solicitarse con anticipación  |k DER 
952 |0 0  |1 0  |2 ddc  |4 0  |6 262_400000000000000_GAR_2007  |7 0  |8 DER_HDC  |9 227760  |a BIBDER  |b BIBDER  |d 2019-11-15  |h t.VIII  |i 4569881  |o 262.4 GAR 2007  |p 4569881  |r 2023-01-25  |w 2019-11-15  |x Ubicación 4to Piso  |y BK  |z Estos recursos deben solicitarse con anticipación  |k DER 
952 |0 0  |1 0  |2 ddc  |4 0  |6 262_400000000000000_GAR_2010  |7 0  |8 DER_HDC  |9 227761  |a BIBDER  |b BIBDER  |d 2019-11-15  |h t.IX  |i 4695259  |o 262.4 GAR 2010  |p 4695259  |r 2023-01-25  |w 2019-11-15  |x Ubicación 4to Piso  |y BK  |z Estos recursos deben solicitarse con anticipación  |k DER 
952 |0 0  |1 0  |2 ddc  |4 0  |6 262_400000000000000_GAR_2011  |7 0  |8 DER_HDC  |9 227762  |a BIBDER  |b BIBDER  |d 2019-11-15  |h t.X  |i 4804074  |o 262.4 GAR 2011  |p 4804074  |r 2023-01-25  |w 2019-11-15  |x Ubicación 4to Piso  |y BK  |z Estos recursos deben solicitarse con anticipación  |k DER 
952 |0 0  |1 0  |2 ddc  |4 0  |6 262_400000000000000_GAR_2013  |7 0  |8 DER_HDC  |9 227763  |a BIBDER  |b BIBDER  |d 2019-11-15  |h t.XI  |i 4989880  |o 262.4 GAR 2013  |p 4989880  |r 2023-01-25  |w 2019-11-15  |x Ubicación 4to Piso  |y BK  |z Estos recursos deben solicitarse con anticipación  |k DER 
952 |0 0  |1 0  |2 ddc  |4 0  |6 262_400000000000000_GAR_2020  |7 0  |8 DER_HDC  |9 579411  |a BIBDER  |b BIBDER  |d 2021-11-30  |h t.XIV  |i 5627451  |o 262.4 GAR 2020  |p 5627451  |r 2023-01-25  |t 1  |w 2021-11-30  |x Ubicación 4to Piso  |y BK  |z Estos recursos deben solicitarse con anticipación  |k DER